Prehĺbenie polarizácie spoločnosti: analýza posunu v strednej časti rozdelení príjmov zamestnancov na Slovensku v rokoch 2005 až 2017
Guardado en:
| Autor principal: | |
|---|---|
| Formato: | Capítulo de libro |
| Lenguaje: | inglés |
| Materias: | |
| Etiquetas: |
Sin Etiquetas, Sea el primero en etiquetar este registro!
|
MARC
| LEADER | 00000naa$a2200000$$$4500 | ||
|---|---|---|---|
| 001 | 0272007 | ||
| 005 | 20240502074304.9 | ||
| 041 | 0 | |a eng | |
| 044 | |a SK | ||
| 245 | 1 | 0 | |a Prehĺbenie polarizácie spoločnosti: analýza posunu v strednej časti rozdelení príjmov zamestnancov na Slovensku v rokoch 2005 až 2017 |c Ľubica Sipková |
| 500 | |a abstrakt | ||
| 610 | 2 | 0 | |a príjmy |
| 610 | 2 | 0 | |a zamestnanci |
| 610 | 2 | 0 | |a analýzy |
| 610 | 2 | 0 | |a Slovensko |
| 100 | 1 | |a Sipková, Ľubica, 1962- | |